| 000 | 00714nam a2200229 i 4500 | ||
|---|---|---|---|
| 001 | 185452 | ||
| 003 | SpMaBN | ||
| 005 | 20230906222435.0 | ||
| 008 | 160606s1988 sp |||| | spa d | ||
| 020 | _a84-204-2219-3 | ||
| 080 | _a821.133.1-31"19" | ||
| 100 | 1 |
_aYourcenar, Marguerite. _9117708 |
|
| 245 | 1 | 0 |
_aOpus nigrum / _cMarguerite Yourcenar ; traducción de Emma Calatayud. |
| 250 |
_a1ª ed.,1982 _b12ª reimp. |
||
| 260 |
_aMadrid : _bAlfaguara, _c1988. |
||
| 300 |
_a380 p. ; _c20 cm. |
||
| 490 | 1 | _aLiteratura Alfaguara | |
| 700 | 1 |
_aCalatayud, Emma. _933533 |
|
| 830 | 0 |
_aLiteratura Alfaguara _9178100 |
|
| 852 |
_aES-MaACL _jL-30336 _z. - Donat. Miguel A. Velasco |
||
| 999 |
_c185452 _d185452 |
||